• 首页
  • 本馆介绍
  • 公告通知
  • 最新文献
  • 馆藏检索
  • 电子资源
  • 读者导购
  • 参考咨询
  • 我的图书馆
  • 登录
  • 详细信息显示
  • 放入我的书架
  • 预约/预借图书
  • 作者相关作品
  • 分类相关作品
  • 丛书相关作品
  • 出版社相关作品

书目信息

  • 表格格式
  • 工作单格式
  • 卡片格式
题名:
一百个孩子一百首诗
    
 
作者: 朱奇 主编
分册:  
出版信息: 武汉   武汉出版社  2021.12
页数: 362页
开本: 24cm
丛书名:
单 册:
中图分类: G61-53
科图分类:
主题词: 儿童教育--文集
电子资源:
ISBN: 978-7-5582-1449-3
000 00826nam0 2200229 45
001 012001000725
005 20141201165620.0
010    @a978-7-5582-1449-3@dCNY48.00
100    @a20220905d2017 em y0chiy0110 ea
101 0  @achi
102    @aCN@b420000
105    @ay z 000yy
106    @ar
200 1  @a一百个孩子一百首诗@Ayi bai ge hai zi yi bai shou shi@f朱奇主编
210    @a武汉@c武汉出版社@d2021.12
215    @a362页@d24cm
330    @a孩子成长离不开教师、家长和孩子自身的努力。本书收集了一百多个枫叶学子的成长故事,分别来自老师、家长和学生,叙说了学校引领、家庭教育和自我成长的故事,旨在帮助包括教师、家长和学生在内的读者提高教育技艺,促进孩子自我成长。
606 0  @a儿童教育@j文集
690    @aG61-53@v5
701  0 @a朱奇@Azhu qi@4主编
801  0 @aCN@bAHXH@c20221111
905    @b1369844-8@dG61-53@e2711@f5
    
    一百个孩子一百首诗/朱奇主编.-武汉:武汉出版社,2021.12
    362页;24cm
    
    
    ISBN 978-7-5582-1449-3:CNY48.00
    孩子成长离不开教师、家长和孩子自身的努力。本书收集了一百多个枫叶学子的成长故事,分别来自老师、家长和学生,叙说了学校引领、家庭教育和自我成长的故事,旨在帮助包括教师、家长和学生在内的读者提高教育技艺,促进孩子自我成长。
●
相关链接 在E读中查询图书 在五车中查询图书 在当当中查询图书 在豆瓣中查询图书


正题名:一百个孩子一百首诗     索取号:G61-53/2711         预约/预借

序号 登录号 条形码 馆藏地/架位号 状态 备注
1 1369844   213698444   第一样本阅览室/ [索取号:G61-53/2711] 在馆    
2 1369845   213698453   教育系资料室/ [索取号:G61-53/2711] 在馆    
3 1369846   213698462   教育系资料室/ [索取号:G61-53/2711] 在馆    
4 1369847   213698471   第四借阅区/ [索取号:G61-53/2711] 在馆    
5 1369848   213698480   第四借阅区/ [索取号:G61-53/2711] 在馆    
唐山师范学院图书馆 欢迎您!
大连网信软件有限公司© 版权所有